Statystyki dla Polskie miasta ze "zdrojem"

Kliknij tutaj aby rozwiązać quiz!

Ogólne statystyki

  • Ten quiz został rozwiązany 91 razy
  • Średni wynik to 6 z 32

Statystyki odpowiedzi

Miasto% Poprawnych
Kudowa-Zdrój
67%
Jastrzębie-Zdrój
60%
Busko-Zdrój
59%
Lądek-Zdrój
47%
Lądek-Zdrój
47%
Polanica-Zdrój
41%
Rabka-Zdrój
40%
Iwonicz-Zdrój
36%
Duszniki-Zdrój
35%
Świeradów-Zdrój
33%
Połczyn-Zdrój
27%
Szczawno-Zdrój
24%
Piwniczna-Zdrój
20%
Rymanów-Zdrój
16%
Goczałkowice-Zdrój
15%
Trzcińsko-Zdrój
11%
Żegiestów-Zdrój
11%
Długopole-Zdrój
9%
Horyniec-Zdrój
8%
Jedlina-Zdrój
8%
Wysowa-Zdrój
8%
Solec-Zdrój
7%
Cieplice Śląskie-Zdrój
4%
Czerniawa-Zdrój
4%
Wieniec-Zdrój
4%
Bolków-Zdrój
2%
Łomnica-Zdrój
2%
Jerzmanice-Zdrój
1%
Latoszyn-Zdrój
1%
Opolno-Zdrój
1%
Stary Zdrój
0%
Zimny Zdrój
0%

Rozkład punktacji

Percentyl według liczby udzielonych odpowiedzi

Procent ludzi z każdym wynikiem

Twoja historia wyników

Nie rozwiązałeś tego quizu